01164nam a2200253 a 450000100060000000300080000600500170001400800410003102000150007203500190008704000270010604100080013308200290014124501760017026001520034630000350049850400290053365000440056270000310060671101020063794200120073999900170075195201420076865885BD-RjUL20211209081458.0170313s1982 ne a b 100 0 eng  a0444864237 a(BD-RjUL)66015 aDLCcDLCdBD-RjULbeng aeng00a001.302854223bCOM 198200aComputing in the humanities :bpapers from the Fifth International Conference on Computing in the Humanities, Ann Arbor, Michigan, May 1981 /cedited by Richard W. Bailey. aAmsterdam ;aNew York :bNorth-Holland Pub. Co. ;aNew York, N.Y. :bSole distributors for the U.S.A. and Canada, Elsevier Science Pub. Co.,c1982. aviii, 191 p. :bill. ;c23 cm. aIncludes bibliographies. 0aDigital humanitiesvCongresses.91948311 aBailey, Richard W.9194832 aInternational Conference on Computing in the HumanitiescAnn Arbor, Mich.)d(5th : 1981 :9194836 2ddccBK c65885d65885 00102ddc40718NFICaRUCLbRUCLcReadingd1986-03-19eBritish libraryl0o001.302854 COM 1982r2017-03-13 00:00:00tC-1w2017-03-13yBK